000 00922nam a2200253 i 4500
001 115208
003 ES-MaACL
005 20251209104711.0
007 t|
008 070226s1908 sp ||||1| spa d
080 _a821.134.2(729.1)-32"19"
100 1 _aHernández Catá, Alfonso,
_d1885-1940
_962908
245 1 3 _aEl pecado original
_b: novela /
_cde Alfonso Hernández-Catá ; ilustraciones de Juan Francés.
260 _aMadrid :
_bEl Cuento Semanal,
_c1908.
300 _a[20] p. :
_bil. ;
_c26 cm.
490 1 _aEl cuento semanal ;
_v74
530 _aDisponible en formato digital.
700 1 _aFrancés, Juan
_c, ilustrador.
_952142
830 1 3 _aEl cuento semanal
_v74
_9185957
852 4 _aES-MaACL
_jG-4441(22)
_cDEPO2
856 4 _uhttps://bibliotecadigital.jcyl.es/es/consulta/registro.do?id=2415
_y(Biblioteca Digital de Castilla y León)
942 _2udc
999 _c115208
_d115208